| 000 | 01568nam a2200361 i 4500 | ||
|---|---|---|---|
| 001 | 57353 | ||
| 003 | CO-BoRNBP | ||
| 005 | 20250620151802.0 | ||
| 007 | ta | ||
| 008 | 000030r20082018ck a br j spa d spa | ||
| 020 | _a9789583003585 | ||
| 040 |
_aCO-BoRNBP _bspa _erda _cCO-BoRNBP |
||
| 041 | 0 | _aspa | |
| 043 | _as-ck--- | ||
| 082 | 0 | 4 |
_a581.09 _bM84e _223 |
| 100 | 1 |
_aMújica Velásquez, Elisa, _d1918-2003 _eautora _942592 |
|
| 245 | 1 | 3 |
_aLa Expedición Botánica _bcontada a los niños _cElisa Mújica ; ilustrado por Victoria Eugenia Acosta |
| 250 |
_aPrimera edición _bDécimo tercera reimpresión |
||
| 264 | 1 |
_aBogotá, Colombia _bPanamericana Editorial _c2008 _c2018 _c2002 |
|
| 300 |
_a219 páginas _bilustraciones a color _c23 cm |
||
| 336 |
_atexto _btxt _2rdacontent |
||
| 337 |
_asin mediación _bn _2rdamedia |
||
| 338 |
_avolumen _bnc _2rdacarrier |
||
| 500 | _aMaterial bibliográfico recopilado en la estrategia de tutores de la RNBP. | ||
| 521 | 1 | _aRecomendado para un público infantil mayor de 8 años. | |
| 600 | 1 | 4 |
_aMutis, José Celestino, _d1732-1808 _xDescubrimientos y exploraciones _960396 |
| 650 | 0 | 0 |
_aDesarrollo científico _xEnseñanza _zColombia _2LEMB _960397 |
| 650 | 0 | 7 |
_aBotánica _xDescubrimientos y exploraciones _zColombia _2LEMB _960398 |
| 650 | 0 | 7 |
_aExpediciones científicas _zColombia _ySiglos XVIII-XIX _2LEMB _960399 |
| 650 | 0 | 0 |
_aExpedición botánica _xLiteratura infantil _y1783-1816 _zColombia _vLibros de divulgación _2LEMB _960400 |
| 700 | 1 |
_aAcosta, Victoria Eugenia _eilustradora _960401 |
|
| 942 |
_2ddc _cBKINF |
||
| 999 |
_c57353 _d57353 |
||